| 000 | 00611nam a2200205Ia 4500 | ||
|---|---|---|---|
| 005 | 20250508163311.0 | ||
| 008 | 008 250505s9999 xx 000 0 hin d | ||
| 020 | _a81-250-0748-2 | ||
| 037 | _aTextual | ||
| 040 |
_aFEDL _beng _cFEDL |
||
| 041 |
_ahin _2eng |
||
| 084 |
_aB, NAM _qFEDL |
||
| 100 |
_aVankhade Kr. Go. _9775072 |
||
| 245 | 0 | _aSant Namdev tatha unka hindi sahitya | |
| 245 | 0 | _cGovernment of India. Ministry of Information and Broadcasting | |
| 260 |
_aNew Delhi, India _bGovernment of India _c1970 |
||
| 300 | _ax,186p. | ||
| 942 |
_cTEXL _hB, NAM |
||
| 999 |
_c1382173 _d1382173 |
||